Magnetické pole /
V roce 1967 vydal Supraphon původní titul 0 28 9997 "Magnetické pole" jako přílohu knižní antologie surrelistické poezie "Magnetická pole", kterou vydal Československý spisovatel v edici Klub přátel poezie. Titul s ukázkami z díla Biebla, Bretona, Desnose, Eluarda, Nezvala a Pére...
Uloženo v:
| Hlavní autor: | |
|---|---|
| Další autoři: | , |
| Médium: | E-audiokniha |
| Vydáno: |
Praha :
Supraphon a.s.,
2025
|
| Tagy: |
Žádné tagy |
| LEADER | 01538nim a22003137i 4500 | ||
|---|---|---|---|
| 001 | 302595 | ||
| 007 | sr nunnnnnnned | ||
| 024 | |a 859692541852 | ||
| 044 | |a xr | ||
| 100 | 1 | |a Biebl, Konstantin |4 aut | |
| 245 | 1 | 0 | |a Magnetické pole / |c Biebl, Konstantin |
| 264 | 1 | |a Praha : |b Supraphon a.s., |c 2025 | |
| 300 | |a 1 online zdroj (12 min., 54 sek.) | ||
| 336 | |a mluvené slovo |b spw |2 rdacontent | ||
| 337 | |a audio |b s |2 rdamedia | ||
| 338 | |a online zdroj |b cr |2 rdacarrier | ||
| 505 | 0 | 0 | |t Vzduch vody (2 min., 13 sek.) |
| 505 | 0 | 0 | |t Man Ray (1 min., 39 sek.) |
| 505 | 0 | 0 | |t Volání (1 min., 16 sek.) |
| 505 | 0 | 0 | |t Pod záštitou noci (0 min., 51 sek.) |
| 505 | 0 | 0 | |t Hrob K. H. Máchy (1 min., 10 sek.) |
| 505 | 0 | 0 | |t Věštba (5 min., 47 sek.) |
| 520 | 2 | |a V roce 1967 vydal Supraphon původní titul 0 28 9997 "Magnetické pole" jako přílohu knižní antologie surrelistické poezie "Magnetická pole", kterou vydal Československý spisovatel v edici Klub přátel poezie. Titul s ukázkami z díla Biebla, Bretona, Desnose, Eluarda, Nezvala a Péreta vychází poprvé digitálně jako samostatné minialbum poezie. | |
| 700 | 1 | |a Munzar, Luděk |4 nrt | |
| 700 | 1 | |a Kepka, Jaroslav |4 nrt | |
| 910 | |a RBIT002 | ||
| 998 | |d 426734 |a https://core.palmknihy.cz/api/books/426734/cover?telfsl |b https://core.palmknihy.cz/api/books/426734/cover/400?telfsl |c https://core.palmknihy.cz/api/books/426734/cover/50?telfsl |e 2099-01-01 |i 859692541852 |l 774 |q 49 |r 1 |s https://www.palmknihy.cz/kniha/426734 |t audiobook |y 2025 |z 1 | ||
| 999 | |d 302593 | ||